01149nas a2200337 4500001001300000003000900013005001700022007000300039008003400042040005400076041000900130072001300139100002000152100001800172100001900190100001700209100001600226100001800242245011100260650001400371650002100385650000900406650001700415650001900432650001900451773010700470909004000577942001800617999001900635952015700654BR2014001014BR-BrBNA20231205123750.0ta230509b bl.|||p| |||| 00| 00por d aBR-BrBNAbporcBiblioteca Nacional de Agricultura a(En) aP33; P351 aBosco, T.C. dal1 aSampaio, S.C.1 aCoelho, S.R.M.1 aCorrea, M.M.1 aNetto, A.M.1 aCosmann, N.J.1 aThe influence of organic matter from swine wastewater on the interaction and transport of alachlor in soil aPESTICIDA aMATERIA ORGANICA aSOLO aADSORÇÃO aESPECTROMETRIA aLIXIVIAÇÃO0 tActa Scientiarum. Agronomy (Brazil)xISSN 1679-9275g(Jul-Sep 2013), v. 35(3) p. 277-286wBR2014001014 a202311bLúciac55dLúcia Elande 2AGRISn0cANA c235597d235597 002AGRIS4071a41918b41918cPeriódicos Agrícolash(Jul-Sep 2013), v. 35(3) p. 277-286l0r2023-11-29t01yCRePortaria Interministerial nº 164/94